000 00331 a2200157 4500
001 188404
020 _a84-348-5066-4
040 _cMagnum
100 _aTrenor, Gonzalo Moure
240 1 0 _aLili, libertad
_lESP
245 1 0 _aLili, libertad
300 _a109
362 0 _a2005
697 _aLITERATURA ESPANHOLA
942 _cBK
999 _c188404
_d188404